Вавилонська вежа та інші біблійні легенди (Запис № 17499)

000 -Маркер запису
Контрольне поле сталої довжини 01238nam a22002657a 4500
003 - Належність контрольного номера
Контрольне поле Uzh_bibl
008 - Кодовані дані
Контрольне поле сталої довжини 260423b |||||||| |||| 00| 0 ukr d
020 ## - Індекс ISBN
ISBN 966-661-351-4
Ціна 28.00
040 ## - Джерело каталогіз.
Код мови каталог. укр.
041 ## - Код мови видання
Код мови оригіналу російська
Код мови тексту українська
080 ## - Індекс УДК
Індекс УДК 821.161.1
090 ## - Шифри
Поличний індекс 821.161.1
Авторський знак В12
100 ## - Автор
Автор -
245 ## - Назва
Назва Вавилонська вежа та інші біблійні легенди
Відповідальність Пер.з рос. А.Г.Костецького, упоряд. О.Ц.Чуковської
Фізичний носій Текст
260 ## - Вихідні дані
Місце видання Київ
Видавництво "Школа"
Дата видання 2006
300 ## - Фізичний опис
Обсяг 171 с.
Ілл./тип відтвор. іл.
Тип одиниці В опр.
490 ## - Серія
Назва серії Серія "Хрестоматія школяра"
520 ## - Анотація
Анотація До книжки увішли перекази для дітей відомих біблійних сюжетів. Видання ілюстроване роботами художника О.О.Агіна 1817-1875 р.
521 ## - Примітка про цільове призначення
Примітка про цільове призначення Для молодшого шкільного віку
546 ## - Примітка про мову
Примітка про мову укр.
650 ## - Тематичні рубрики
Основна рубрика Літературно-художня видання
653 ## - Ключові слова
Ключові слова Адам та Єва
-- Всесвітній потоп
-- Могутній самсон
655 ## - Термін індексування — жанр/форма
Жанр/форма Художня література
Типове ділення Перекази
942 ## - ADDED ENTRY ELEMENTS (KOHA)
Джерело класифікації чи схема поличного розташування
Koha item type Книги
Фонди
Статус вилучення Статус втрати/відсутності Джерело класифікації чи схема поличного розташування Статус пошкодження Тип обігу (не для випозичання) Постійне розташування Поточне розташування Розташування у відділі Дата надходження Інвентарний номер Total Checkouts Повний (примірниковий) шифр зберігання Штрих-код Date last seen Дата, для якої чинна ціна заміни Тип одиниці (рівень примірника)
          Бібліотека-філія №2 Бібліотека-філія №2 Абонемент молодший відділ 23/04/2026 69030   821.161.1 19751 23/04/2026 23/04/2026 Книги

Працює на АБІС Коха